Piosenki z miejscami w tytule #1 - Statystyki

Ogólne statystyki
  • Ten quiz został rozwiązany 17 razy
  • Średni wynik to 7 z 22
Statystyki odpowiedzi
Artysta Piosenka % Poprawnych
Bruce Springsteen Born in the {USA}
88%
Elvis Presley Viva {Las} {Vegas}
71%
The Clash {London} Calling
65%
The Sex Pistols Anarchy in the {U}.{K}.
59%
The Beach Boys {California} Girls
53%
Billy Joel {New} {York} State of Mind
47%
Psy {Gangnam} Style
41%
They Might Be Giants {Istanbul} (Not Constantinople)
41%
Tony Bennett I Left My Heart in {San} {Francisco}
35%
Kiss {Detroit} Rock City
29%
Ray Charles {Georgia} on My Mind
29%
The Beatles Back in the {USSR}
24%
Kenny Chesney Beer in {Mexico}
24%
Marc Cohn Walking in {Memphis}
24%
Glenn Miller {Chattanooga} Choo Choo
18%
João Gilberto Girl From {Ipanema}
18%
Stevie Ray Vaughan {Texas} Flood
18%
Elvis Presley Blue {Hawaii}
12%
LMFAO I'm In {Miami} Trick
12%
The Beastie Boys No Sleep 'Til {Brooklyn}
12%
Merle Haggard Okie From {Muskogee}
6%
Elton John {Philadelphia} Freedom
0%
Nie znaleziono quizów pasujących do podanych kryteriów
Rozkład punktacji
Procent ludzi z każdym wynikiem
Percentyl według liczby udzielonych odpowiedzi
Twoja historia wyników
Nie rozwiązałeś tego quizu